<?xml version="1.0" encoding="UTF-8"?>
<record
    xmlns:xsi="http://www.w3.org/2001/XMLSchema-instance"
    xsi:schemaLocation="http://www.loc.gov/MARC21/slim http://www.loc.gov/standards/marcxml/schema/MARC21slim.xsd"
    xmlns="http://www.loc.gov/MARC21/slim">

  <leader>01484    a2200277   4500</leader>
  <controlfield tag="005">20080927104252.0</controlfield>
  <controlfield tag="008">080927t        xxu||||| |||| 00| 0 hin d</controlfield>
  <datafield tag="010" ind1=" " ind2=" ">
    <subfield code="a">HIN-77650</subfield>
  </datafield>
  <datafield tag="020" ind1=" " ind2=" ">
    <subfield code="a">8126312602</subfield>
    <subfield code="c">130.00</subfield>
  </datafield>
  <datafield tag="035" ind1=" " ind2=" ">
    <subfield code="a">HN-50096</subfield>
  </datafield>
  <datafield tag="035" ind1=" " ind2=" ">
    <subfield code="a">B-317716</subfield>
  </datafield>
  <datafield tag="037" ind1=" " ind2=" ">
    <subfield code="b">D.B.Act / pub</subfield>
  </datafield>
  <datafield tag="082" ind1=" " ind2=" ">
    <subfield code="a">822</subfield>
  </datafield>
  <datafield tag="100" ind1=" " ind2=" ">
    <subfield code="a">&#x92E;&#x940;&#x930;&#x93E; &#x915;&#x93E;&#x928;&#x94D;&#x924;</subfield>
  </datafield>
  <datafield tag="245" ind1=" " ind2=" ">
    <subfield code="a">&#x915;&#x928;&#x94D;&#x927;&#x947; &#x92A;&#x930; &#x92C;&#x948;&#x920;&#x93E; &#x925;&#x93E; &#x936;&#x93E;&#x92A;</subfield>
    <subfield code="c">&#x92E;&#x940;&#x930;&#x93E; &#x915;&#x93E;&#x928;&#x94D;&#x924;</subfield>
  </datafield>
  <datafield tag="246" ind1=" " ind2=" ">
    <subfield code="a">Kande par batt th shap</subfield>
    <subfield code="b">by Mira Kant</subfield>
  </datafield>
  <datafield tag="260" ind1=" " ind2=" ">
    <subfield code="a">&#x928;&#x908;  &#x926;&#x93F;&#x932;&#x94D;&#x932;&#x940;</subfield>
    <subfield code="b">&#x92D;&#x93E;&#x930;&#x924;&#x940;&#x92F; &#x91C;&#x94D;&#x91E;&#x93E;&#x928;&#x92A;&#x940;&#x920;</subfield>
    <subfield code="c">2006</subfield>
  </datafield>
  <datafield tag="300" ind1=" " ind2=" ">
    <subfield code="a">163&#x92A;&#x943;</subfield>
    <subfield code="c">22 &#x938;&#x947;&#x92E;&#x940; (&#x938;&#x91C;&#x93F;&#x932;&#x94D;&#x926;)</subfield>
  </datafield>
  <datafield tag="490" ind1=" " ind2=" ">
    <subfield code="a">(&#x932;&#x94B;&#x915;&#x94B;&#x926;&#x92F; &#x917;&#x94D;&#x930;&#x902;&#x925;&#x92E;&#x93E;&#x932;&#x93E;&#x903;&#x917;&#x94D;&#x930;&#x902;&#x925;&#x93E;&#x902;&#x915; 833)</subfield>
  </datafield>
  <datafield tag="650" ind1=" " ind2=" ">
    <subfield code="a">&#x939;&#x93F;&#x928;&#x94D;&#x926;&#x940; &#x928;&#x93E;&#x91F;&#x915;</subfield>
  </datafield>
  <datafield tag="650" ind1=" " ind2=" ">
    <subfield code="a">Hindi Poerty</subfield>
  </datafield>
  <datafield tag="942" ind1=" " ind2=" ">
    <subfield code="a">dpl</subfield>
    <subfield code="c">HN</subfield>
    <subfield code="k">822 / &#x92E;&#x940;&#x930;&#x93E;&#x915;&#x93E;</subfield>
    <subfield code="2">ddc</subfield>
    <subfield code="h">822</subfield>
    <subfield code="m">&#x92E;&#x940;&#x930;&#x93E;&#x915;&#x93E;</subfield>
  </datafield>
  <datafield tag="999" ind1=" " ind2=" ">
    <subfield code="c">2636</subfield>
    <subfield code="d">2636</subfield>
  </datafield>
  <datafield tag="952" ind1=" " ind2=" ">
    <subfield code="0">0</subfield>
    <subfield code="1">0</subfield>
    <subfield code="2">ddc</subfield>
    <subfield code="4">0</subfield>
    <subfield code="7">0</subfield>
    <subfield code="a">DBAD</subfield>
    <subfield code="b">DBAD</subfield>
    <subfield code="d">0000-00-00</subfield>
    <subfield code="e">dbad / pub</subfield>
    <subfield code="g">130.00</subfield>
    <subfield code="l">0</subfield>
    <subfield code="o">822 &#x92E;&#x940;&#x930;&#x93E;&#x915;&#x93E;</subfield>
    <subfield code="p">HN-50096</subfield>
    <subfield code="r">2008-09-15 00:00:00</subfield>
    <subfield code="t">1</subfield>
    <subfield code="u">2820</subfield>
    <subfield code="v">130.00</subfield>
    <subfield code="w">2008-09-15</subfield>
    <subfield code="y">HN</subfield>
  </datafield>
  <datafield tag="952" ind1=" " ind2=" ">
    <subfield code="0">0</subfield>
    <subfield code="1">0</subfield>
    <subfield code="2">ddc</subfield>
    <subfield code="4">0</subfield>
    <subfield code="7">0</subfield>
    <subfield code="8">NFIC</subfield>
    <subfield code="a">VP</subfield>
    <subfield code="b">VP</subfield>
    <subfield code="d">2008-09-27</subfield>
    <subfield code="e">BPPD /</subfield>
    <subfield code="g">130.00</subfield>
    <subfield code="l">2</subfield>
    <subfield code="o">822 &#x92E;&#x940;&#x930;&#x93E;&#x915;&#x93E;</subfield>
    <subfield code="p">B-284119</subfield>
    <subfield code="r">2014-03-11 00:00:00</subfield>
    <subfield code="s">2014-02-26</subfield>
    <subfield code="t">1</subfield>
    <subfield code="v">130.00</subfield>
    <subfield code="w">2008-09-27</subfield>
    <subfield code="y">HN</subfield>
  </datafield>
  <datafield tag="952" ind1=" " ind2=" ">
    <subfield code="0">0</subfield>
    <subfield code="1">0</subfield>
    <subfield code="2">ddc</subfield>
    <subfield code="4">0</subfield>
    <subfield code="7">0</subfield>
    <subfield code="8">NFIC</subfield>
    <subfield code="a">VP</subfield>
    <subfield code="b">VP</subfield>
    <subfield code="d">2009-03-05</subfield>
    <subfield code="e">dbad / dup</subfield>
    <subfield code="g">130.00</subfield>
    <subfield code="l">2</subfield>
    <subfield code="o">822 &#x92E;&#x940;&#x930;&#x93E;&#x915;&#x93E;</subfield>
    <subfield code="p">B-317716</subfield>
    <subfield code="r">2012-05-29 00:00:00</subfield>
    <subfield code="s">2012-05-28</subfield>
    <subfield code="t">1</subfield>
    <subfield code="v">130.00</subfield>
    <subfield code="w">2009-03-05</subfield>
    <subfield code="y">HN</subfield>
  </datafield>
  <datafield tag="952" ind1=" " ind2=" ">
    <subfield code="0">0</subfield>
    <subfield code="1">0</subfield>
    <subfield code="2">ddc</subfield>
    <subfield code="4">0</subfield>
    <subfield code="7">0</subfield>
    <subfield code="8">NFIC</subfield>
    <subfield code="a">ZLS</subfield>
    <subfield code="b">ZLS</subfield>
    <subfield code="d">2019-06-07</subfield>
    <subfield code="l">1</subfield>
    <subfield code="o">822 &#x92E;&#x940;&#x930;&#x93E;&#x915;&#x93E;</subfield>
    <subfield code="p">B-243209</subfield>
    <subfield code="r">2019-06-24 00:00:00</subfield>
    <subfield code="s">2019-06-07</subfield>
    <subfield code="w">2019-06-07</subfield>
    <subfield code="y">HN</subfield>
  </datafield>
</record>
